Welcome to the Holygrace Academy Library

Please use search bar below to get started

CLASSIC TALES FOR CHILDREN (Record no. 3676)

MARC details
000 -LEADER
fixed length control field 00363nam a22001337a 4500
020 ## - INTERNATIONAL STANDARD BOOK NUMBER
ISBN 81-87718-70-6
082 ## - DEWEY DECIMAL CLASSIFICATION NUMBER
Classification number 823
Item number BAN/C-24
100 ## - MAIN ENTRY--AUTHOR NAME
Personal name BANERJEE, KHOSLA
245 ## - TITLE STATEMENT
Title CLASSIC TALES FOR CHILDREN
Remainder of title FIFTEEN WELL-LOVED TALES OF THE WORLD BOOK-24
260 ## - PUBLICATION, DISTRIBUTION, ETC. (IMPRINT)
Place of publication NEW DELHI
Name of publisher ARORA BOOK COMPANY
Year of publication 2003
520 ## - SUMMARY, ETC.
Summary, etc SHORT STORY
650 ## - SUBJECT ADDED ENTRY--TOPICAL TERM
Topical Term SHORT STORY
942 ## - ADDED ENTRY ELEMENTS (KOHA)
Koha item type Books
Holdings
Withdrawn status Lost status Collection code Home library Current library Shelving location Date acquired Source of acquisition Cost, normal purchase price Full call number Accession Number Koha item type
    Fiction Main Library Main Library SHELF 4-H HARDY BOYS,CAPTAIN UNDERPANTHS,TALES FOR CHILDREN 29/10/2019 Purchase 50.00 823 BAN/C-24 11824 Books
    Fiction Main Library Main Library SHELF 4-H HARDY BOYS,CAPTAIN UNDERPANTHS,TALES FOR CHILDREN 29/10/2019 Purchase 50.00 823 BAN/C-24 11818 Books
    Fiction Main Library Main Library SHELF 4-H HARDY BOYS,CAPTAIN UNDERPANTHS,TALES FOR CHILDREN 29/10/2019 Purchase 50.00 823 BAN/C-24 11819 Books
    Fiction Main Library Main Library SHELF 4-H HARDY BOYS,CAPTAIN UNDERPANTHS,TALES FOR CHILDREN 29/10/2019 Purchase 50.00 823 BAN/C-24 11822 Books
    Fiction Main Library Main Library SHELF 4-H HARDY BOYS,CAPTAIN UNDERPANTHS,TALES FOR CHILDREN 29/10/2019 Purchase 50.00 823 BAN/C-24 11816 Books
    Fiction Main Library Main Library SHELF 4-F ENGLISH CLASSICS 29/10/2019 Purchase 50.00 823 BAN/C-24 11820 Books
    Fiction Main Library Main Library SHELF 4-H HARDY BOYS,CAPTAIN UNDERPANTHS,TALES FOR CHILDREN 29/11/2019 Purchase 50.00 823 BAN/C-24 12130 Books
    Fiction Main Library Main Library SHELF 4-H HARDY BOYS,CAPTAIN UNDERPANTHS,TALES FOR CHILDREN 29/10/2019 Purchase 50.00 823 BAN/C-24 11823 Books
Withdrawn   Fiction Main Library Main Library SHELF 4-F ENGLISH CLASSICS 29/10/2019 PURCHASE   823 BAN/C-24 11825 Books
Withdrawn     Main Library Main Library SHELF 4-F ENGLISH CLASSICS 29/10/2019 PURCHASE   823 BAN/C-24 11826 Books
Withdrawn   Fiction Main Library Main Library SHELF 4-F ENGLISH CLASSICS 29/10/2019 PURCHASE   823 BAN/C-24 11827 Books